<?xml version="1.0" encoding="UTF-8"?>
<record
    xmlns:xsi="http://www.w3.org/2001/XMLSchema-instance"
    xsi:schemaLocation="http://www.loc.gov/MARC21/slim http://www.loc.gov/standards/marcxml/schema/MARC21slim.xsd"
    xmlns="http://www.loc.gov/MARC21/slim">

  <leader>00219nam a22001217a 4500</leader>
  <datafield tag="040" ind1=" " ind2=" ">
    <subfield code="c">SK</subfield>
  </datafield>
  <datafield tag="082" ind1=" " ind2=" ">
    <subfield code="a">421</subfield>
  </datafield>
  <datafield tag="100" ind1=" " ind2=" ">
    <subfield code="a">NEANG CHANSENG</subfield>
  </datafield>
  <datafield tag="245" ind1=" " ind2=" ">
    <subfield code="a">ARCGIS 9</subfield>
  </datafield>
  <datafield tag="260" ind1=" " ind2=" ">
    <subfield code="a">USA</subfield>
    <subfield code="b">NEA</subfield>
    <subfield code="c">2006</subfield>
  </datafield>
  <datafield tag="300" ind1=" " ind2=" ">
    <subfield code="a">56p.</subfield>
  </datafield>
  <datafield tag="942" ind1=" " ind2=" ">
    <subfield code="c">EK</subfield>
  </datafield>
  <datafield tag="999" ind1=" " ind2=" ">
    <subfield code="c">9240</subfield>
    <subfield code="d">9240</subfield>
  </datafield>
  <datafield tag="952" ind1=" " ind2=" ">
    <subfield code="0">0</subfield>
    <subfield code="1">0</subfield>
    <subfield code="4">0</subfield>
    <subfield code="6">421_000000000000000_NEA_2006_C158_OR_1</subfield>
    <subfield code="7">0</subfield>
    <subfield code="9">50959</subfield>
    <subfield code="a">LBC</subfield>
    <subfield code="b">LBC</subfield>
    <subfield code="c">C185</subfield>
    <subfield code="d">2016-08-29</subfield>
    <subfield code="o">421 NEA 2006 C158 Or.1</subfield>
    <subfield code="p">RUA41625</subfield>
    <subfield code="r">2016-08-29</subfield>
    <subfield code="y">EK</subfield>
  </datafield>
  <datafield tag="952" ind1=" " ind2=" ">
    <subfield code="0">0</subfield>
    <subfield code="1">0</subfield>
    <subfield code="4">0</subfield>
    <subfield code="6">421_000000000000000_NEA_2006_C185_OR_2</subfield>
    <subfield code="7">0</subfield>
    <subfield code="9">50960</subfield>
    <subfield code="a">LBC</subfield>
    <subfield code="b">LBC</subfield>
    <subfield code="c">C185</subfield>
    <subfield code="d">2016-08-29</subfield>
    <subfield code="o">421 NEA 2006 C185 Or.2</subfield>
    <subfield code="p">RUA41633</subfield>
    <subfield code="r">2016-08-29</subfield>
    <subfield code="y">EK</subfield>
  </datafield>
  <datafield tag="952" ind1=" " ind2=" ">
    <subfield code="0">0</subfield>
    <subfield code="1">0</subfield>
    <subfield code="4">0</subfield>
    <subfield code="6">421_000000000000000_NEA_2006_C185_OR_3</subfield>
    <subfield code="7">0</subfield>
    <subfield code="9">50962</subfield>
    <subfield code="a">LBC</subfield>
    <subfield code="b">LBC</subfield>
    <subfield code="c">C185</subfield>
    <subfield code="d">2016-08-29</subfield>
    <subfield code="o">421 NEA 2006 C185 Or.3</subfield>
    <subfield code="p">RUA41700</subfield>
    <subfield code="r">2016-08-29</subfield>
    <subfield code="y">EK</subfield>
  </datafield>
</record>
